| Tag |
First Indicator |
Second Indicator |
Subfields |
| LEADER |
00000cam a2200000 4500 |
| 001 |
in00003865310 |
| 005 |
20190415191330.0 |
| 006 |
m o d |
| 007 |
cr |n||||||||n |
| 008 |
780308s1710 enk|||| o 00| ||eng c |
| 035 |
|
|
|a (CU-RivES)T289
|
| 035 |
|
|
|a (Uk-ES)006227999
|
| 035 |
|
|
|a (OCoLC)508378226
|
| 040 |
|
|
|a Uk-ES
|c Uk-ES
|d CU-RivES
|d CStRLIN
|d Cengage Gale
|d UtOrBLW
|
| 100 |
1 |
|
|a Richmond, Henry,
|d 1674 or 1675-
|0 http://id.loc.gov/authorities/names/nr93033106
|
| 245 |
1 |
0 |
|a Two semons preached at the assizes held at Lancaster, on Sunday Aug. 27. 1710 :
|b And at several other places. By Henry Richmond, rector of Leverpoole, and chaplain to the Right Honourable, Elizabeth, countess Dowager of Derby. Publish'd at the request of the gentry and clergy, the Grand-Jury being discharg'd on Saturday night.
|
| 264 |
|
1 |
|a London :
|b Printed for Jonah Bowyer, at the Rose in Ludgate-street, and sold by Joseph Eaton bookseller in Leverpoole,
|c 1710.
|
| 300 |
|
|
|a 1 online resource (2 unnumbered pages, 46 pages)
|
| 336 |
|
|
|a text
|b txt
|2 rdacontent
|
| 337 |
|
|
|a computer
|b c
|2 rdamedia
|
| 338 |
|
|
|a online resource
|b cr
|2 rdacarrier
|
| 500 |
|
|
|a Includes: 'Scorners corrected, and instructions for fools', and 'Seasonable reproof, a remedy against destruction'; each sermon has its own separate titlepage; both were probably also issued separately.
|
| 510 |
4 |
|
|a English Short Title Catalog,
|c T289.
|
| 500 |
|
|
|a Reproduction of original from British Library.
|
| 500 |
|
|
|a Electronic resource.
|
| 630 |
0 |
0 |
|a Bible.
|p Proverbs I, XXII
|v Sermons
|v Early works to 1800.
|
| 650 |
|
0 |
|a Sermons, English
|v Early works to 1800.
|
| 655 |
|
7 |
|a Electronic books.
|2 local
|
| 655 |
|
7 |
|a Sermons.
|2 rbgenr
|
| 710 |
2 |
|
|a Gale (Firm)
|0 http://id.loc.gov/authorities/names/no2008071348
|
| 752 |
|
|
|a Great Britain
|b England
|d London.
|
| 856 |
4 |
0 |
|u http://proxy.library.tamu.edu/login?url=http://find.galegroup.com/ecco/infomark.do?contentSet=ECCOArticles&docType=ECCOArticles&bookId=1470101300&type=getFullCitation&tabID=T001&prodId=ECCO&docLevel=TEXT_GRAPHICS&version=1.0&source=library&userGroupName=txshracd2898
|z Connect to the full text of this electronic book
|t 0
|
| 999 |
f |
f |
|s a46222f3-176c-33ff-95c9-83991da6d506
|i cbca6896-4a51-3fc6-8340-d3865ef29c1b
|t 0
|
| 952 |
f |
f |
|a Texas A&M University
|b College Station
|c Electronic Resources
|d Available Online
|t 0
|h No information provided
|
| 998 |
f |
f |
|t 0
|l Available Online
|